000 00238nam a2200097Ia 4500
001 646288
005 20250826153640.0
008 250824s9999 xx 000 0 und d
245 0 _aBir Değer İki Öykü
_cDuran Çetin
260 _bKAYALIPARK
999 _c646288
_d646288